000
00253nam a22001097a 4500
082
_a
294
100
_a
Rengarajan , T.
_9
79755
245
_a
Dictionary of Indian Epics
260
_a
Delhi
_b
Eastern Books
_c
2006
650
_a
Religion
_9
79756
942
_c
BK
999
_c
63359
_d
63359